Dịch tễ học thú y ứng dụng

Lý thuyết căn bản và những ví dụ cụ thể về công việc phòng chống dịch

Bewaard in:
Bibliografische gegevens
Formaat: Boek
Taal:Undetermined
Gepubliceerd in: Hà Nội Nông Nghiệp 2013
Onderwerpen:
Tags: Voeg label toe
Geen labels, Wees de eerste die dit record labelt!
Thư viện lưu trữ: Trung tâm Học liệu Trường Đại học Cần Thơ
LEADER 00649nam a2200181Ia 4500
001 CTU_186017
008 210402s9999 xx 000 0 und d
082 |a 636.08944 
082 |b D302 
245 0 |a Dịch tễ học thú y ứng dụng 
245 0 |c Nguyễn Văn Long ... [et.al.] 
260 |a Hà Nội 
260 |b Nông Nghiệp 
260 |c 2013 
520 |a Lý thuyết căn bản và những ví dụ cụ thể về công việc phòng chống dịch 
650 |a Veterinary epidemiology,Dịch tễ học thú y 
904 |i Nhựt 
980 |a Trung tâm Học liệu Trường Đại học Cần Thơ